<?xml version="1.0" encoding="UTF-8"?>
<marc:record xmlns:marc="http://www.loc.gov/MARC21/slim">
   <marc:leader>00000nam a2200000 a 4500</marc:leader>
   <marc:datafield ind1="1" ind2=" " tag="100">
      <marc:subfield code="a">Dick, Helga</marc:subfield>
      <marc:subfield code="4">edt</marc:subfield>
      <marc:subfield code="e">Bearbeiter/-in</marc:subfield>
   </marc:datafield>
   <marc:datafield ind1="0" ind2="0" tag="245">
      <marc:subfield code="a">Eine richtig gute Zeit</marc:subfield>
   </marc:datafield>
   <marc:datafield ind1="0" ind2="0" tag="245">
      <marc:subfield code="b">Lesebuch</marc:subfield>
   </marc:datafield>
   <marc:datafield ind1="0" ind2="0" tag="245">
      <marc:subfield code="c">zsgest. von Helga Dick und Lutz-W. Wolff</marc:subfield>
   </marc:datafield>
   <marc:datafield ind1=" " ind2="1" tag="264">
      <marc:subfield code="a">München</marc:subfield>
      <marc:subfield code="b">Dt. Taschenbuch-Verl.</marc:subfield>
      <marc:subfield code="c">2012</marc:subfield>
   </marc:datafield>
   <marc:datafield ind1="1" ind2=" " tag="490">
      <marc:subfield code="a">dtv</marc:subfield>
   </marc:datafield>
   <marc:datafield ind1=" " ind2=" " tag="250">
      <marc:subfield code="a">Neuausg.</marc:subfield>
   </marc:datafield>
   <marc:datafield ind1="1" ind2=" " tag="520">
      <marc:subfield code="a">Eine schöne Zeit, eine gute Zeit: Man wünscht sie sich selbst und anderen bei allen möglichen Gelegenheiten. Das können Reisen sein, Geburtstage, festliche Anlässe oder ein Abschied. Eine richtig gute Zeit verspricht auch die Lektüre der vorliegenden Geschichten. Einfach mal abschalten, entspannen und sich treiben lassen nach Amerika, ins Riesengebirge, nach Jerusalem und ins alte Livland, nach Italien, Finnland und auch in vergangene Zeiten. Fünfzehn Erzählungen von Ernst Augustin, T. C. Boyle, Anna Gavalda, Lauren Grodstei, Eveline Hasler, Elke Heidenreich, Else Hueck-Dehio, Binnie Kirschenbaum, Siegfried Lenz, Penelope Lively, Isabella Nadolny, Herbert Rosendorfer, Rafik Schami, Angelika Schrobsdorff und Uwe Timm. (Verlagstext)</marc:subfield>
   </marc:datafield>
   <marc:datafield ind1=" " ind2=" " tag="020">
      <marc:subfield code="a">9783423253253</marc:subfield>
      <marc:subfield code="9">9783423253253</marc:subfield>
   </marc:datafield>
   <marc:datafield ind1=" " ind2=" " tag="020">
      <marc:subfield code="a">3423253258</marc:subfield>
      <marc:subfield code="9">3423253258</marc:subfield>
   </marc:datafield>
   <marc:datafield ind1=" " ind2=" " tag="041">
      <marc:subfield code="a">ger</marc:subfield>
   </marc:datafield>
   <marc:datafield ind1=" " ind2=" " tag="300">
      <marc:subfield code="a">223 S.</marc:subfield>
   </marc:datafield>
</marc:record>
